000 00695nam a22002412 4500
999 _c17887
_d17887
001 0000005322
003 OSt
005 20190920120737.0
008 070611s xx 000 0 eng d
020 _a8126537259
040 _aKABU
_cKABU
050 0 _aTX911.3
_b.B43 2012 c.1
100 1 _aBarrows Clayton W.
245 1 0 _aIntroduction to management in the hospitality industry /
_cClayton W. Barrows.
250 _a10th ed.
260 _aNew York :
_bJohn Wiley,
_c2012
300 _axxv, 720p.
650 0 _aHospitality industry
_xManagement.
700 1 _aBarrows, Clayton W.
908 _a070611
942 _2lcc
_cBK